000179032 001__ 179032
000179032 005__ 20160817111947.0
000179032 022__ $$a0445-7722
000179032 0247_ $$2ZDBID$$aPERI:(DE-600)742396-2
000179032 0247_ $$2ZDBPPN$$aZDPPN:014028190
000179032 0247_ $$2ISI$$aWOS:INDIAN JOURNAL OF SERICULTURE
000179032 0247_ $$2SCOPUS$$aSCOPUS:15944
000179032 035__ $$aPERI:(DE-600)742396-2
000179032 082__ $$a630
000179032 245__ $$aIndian journal of sericulture$$bdevoted to science of sericulture and technology of silk$$cCentral Silk Bureau$$hprint
000179032 247__ $$2DE-600$$aIndian journal of sericulture
000179032 260__ $$aBangalore$$bBur.
000179032 380__ $$2marcgt$$ajournal
000179032 500__ $$aAutomatically generated record. (Updated: 08/2016)
000179032 650_7 $$0ASJC:1100$$2ASJC$$aAgricultural and Biological Sciences(all)
000179032 650_7 $$0ASJC:1403$$2ASJC$$aBusiness and International Management
000179032 909CO $$ooai:juser.fz-juelich.de:274176$$pauthority$$pauthority:PERI
000179032 909CO $$ooai:juser.fz-juelich.de:274176
000179032 915__ $$0StatID:(DE-HGF)0200$$2StatID$$aDBCoverage$$bSCOPUS
000179032 915__ $$0StatID:(DE-HGF)0199$$2StatID$$aDBCoverage$$bThomson Reuters Master Journal List
000179032 915__ $$0StatID:(DE-HGF)1040$$2StatID$$aDBCoverage$$bZoological Record
000179032 915__ $$0StatID:(DE-HGF)1050$$2StatID$$aDBCoverage$$bBIOSIS Previews
000179032 980__ $$aPERI
000179032 980__ $$aAUTHORITY